000 00378nam a2200145Ia 4500
008 230711s9999||||xx |||||||||||||| ||und||
041 _aENG
082 _a720
_bSE-L
100 _aSbriglio,Jacques
245 0 _aLe Corbusier: LA Villa Savoye : The Villa Savoye
250 _a1st . Ed.
260 _c1999
_aNew York
_bFoundation Corbusier
650 _aArchitecture
942 _cBK
999 _c4335
_d4335